French City by River - Statistics

General Stats
  • This quiz has been taken 38 times
  • The average score is 13 of 16
Answer Stats
Hint Answer % Correct
Seine Paris
100%
Rhone Lyon
97%
Saône Lyon
97%
Garonne Toulouse
97%
Garonne Bordeaux
93%
Loire Nantes
83%
Moselle Metz
80%
Var Nice
80%
Saône Dijon
77%
Meurthe Nancy
77%
Vilaine Rennes
73%
Seine Rouen
73%
Loire Tours
73%
Loire Angers
70%
Seine Le Havre
70%
Loire Orléans
63%
No matching quizzes found
Score Distribution
Percent of People with Each Score
Percentile by Number Answered
Your Score History
You have not taken this quiz